| 000 | 00725nam a22002291c 4500 | ||
|---|---|---|---|
| 001 | a987681598 | ||
| 008 | 051108s2003 gw a||| 000u eng d | ||
| 020 |
_a0195154592 _90-19-515459-2 |
||
| 041 | _aeng | ||
| 100 | 1 |
_aShore, Zachary _913795 |
|
| 245 | 0 | 0 |
_aWhat Hitler knew : _bthe battle for information in Nazi foreign policy / _cZachary Shore |
| 264 |
_aOxford : _bOxford University Press, _c2003 |
||
| 300 | _axi, 159 p. : ill., [4] p. plates ; 22 cm | ||
| 650 | 0 |
_aPolitische Kultur _91255 |
|
| 650 | 0 | _aAußenpolitik | |
| 650 | 0 | _aNationalsozialismus | |
| 650 | 0 | _aDiplomatie | |
| 942 | _cMG | ||
| 040 | _cRU-10907106 | ||
| 003 | RU-10907106 | ||
| 999 |
_c25835 _d25835 |
||
| 530 | _aDas Buch ist auch als E-Book im DHI-Lesesaal zugänglich | ||